Kapitálové spoločnosti bakalárska práca

Guardado en:
Detalles Bibliográficos
Autor principal: Bendíková, Angelika
Autor Corporativo: Obchodná fakulta EU. Katedra obchodného práva
Otros Autores: Borodovčák, Milan
Formato: Libro
Lenguaje:eslovaco
Publicado: Bratislava 2009
Etiquetas: Agregar Etiqueta
Sin Etiquetas, Sea el primero en etiquetar este registro!

MARC

LEADER 00000nam$a2200000$$$4500
001 0096912
005 20240320075017.9
041 0 |a slo 
044 |a SK 
245 1 0 |a Kapitálové spoločnosti  |b bakalárska práca  |c Angelika Bendíková ; škol. Milan Borodovčák 
264 1 |a Bratislava  |c 2009 
300 |a 58 s. 
100 1 |a Bendíková, Angelika 
700 1 |a Borodovčák, Milan 
710 2 |a Obchodná fakulta EU. Katedra obchodného práva